| 000 | 00841cam a22002897a 4500 | ||
|---|---|---|---|
| 003 | CHAP | ||
| 005 | 20220817042503.0 | ||
| 008 | 971013s1953 r 00010 d | ||
| 010 | _a46030 | ||
| 011 | _a47002 | ||
| 035 | _a51143 | ||
| 040 | _cCHAP | ||
| 082 |
_a333.2 _bF3 |
||
| 110 | _aFAO | ||
| 245 | 1 | 3 |
_aEl régimen comunal agrario _b: un estudio de la FAO sobre el régimen de tierras |
| 260 |
_aRoma : _bFAO, _c1953 |
||
| 300 | _a64 p. | ||
| 490 | 0 |
_aFAO. Estudios agropecuarios _v; 17 |
|
| 590 |
_aBATCH-UPD _b10 _c20130110 _lUCH01 _h1728 |
||
| 590 |
_aCONVERSION _b10 _c20130109 _lUCH01 _h1325 |
||
| 650 | 1 | 4 |
_aTierras comunales. _9113271 |
| 650 | 1 | 4 |
_aTierras _xTenencia. _9113130 |
| 830 | 0 |
_aFAO. Estudios agropecuarios _v; 17 _939546 |
|
| 901 | _aBK | ||
| 942 | _cLIBRO | ||
| 949 |
_a333.2 F3 _bBC _cFAO _d-114583 _eFAO1 _i51143 _si |
||
| 999 |
_c46030 _d46030 |
||